Co się kojarzy z... - Statystyki

Ogólne statystyki
  • Ten quiz został rozwiązany 23 razy
    22 od ostatniego zresetowania
  • Średni wynik to 2 z 5
Statystyki odpowiedzi
Zagadnienie Odpowiedź % Poprawnych
Mario
67%
Kontynenty Europa
67%
Wyspy Grenlandia
33%
Państwa Zjednoczone Królestwo
33%
Zelda Temple of time
0%
Nie znaleziono quizów pasujących do podanych kryteriów
Rozkład punktacji
Procent ludzi z każdym wynikiem
Percentyl według liczby udzielonych odpowiedzi
Twoja historia wyników
Nie rozwiązałeś tego quizu od ostatniego zresetowania